000 01982cam a22004574a 4500
999 _c57470
_d57470
001 12654478
005 20221108162710.0
008 020124s2017 paua b 001 0 eng
010 _a 2002017677
020 _a072168291X (set)X
020 _a0721682928 (v. 1) X
020 _a0721682936 (v. 2) X
020 _a0721682944 (v. 3) X
020 _a0721682952 (v. 4) X
020 _a9780323287821 X
035 _a(DNLM)101136510
040 _aDNLM/DLC
_cDLC
_dDLC
041 _aeng
042 _apcc
050 0 0 _aRD593
_b.N4153 2004
060 1 0 _aWL 368
_bY671 2003
080 _a616.8 W-72
082 0 0 _a617.4/8
_221
245 0 0 _aYoumans & Winn neurological surgery /
_c[edited by] H. Richard Winn.
_bVolume 4
250 _aSeventh edition
260 _aPhiladelphia, Pa. :
_bW.B. Saunders,
_cc2017
300 _a4 v. (lxiv, 366, cviii) :
_bill. (some col.) ;
_c28 cm. +
_e1 CD-ROM (4 3/4 in.)
504 _aIncludes bibliographical references and index.
538 _aMinimum system requirements: Windows 98 or higher (Windows 98, 2000, NT, ME or XP; 64 MB of available RAM (128 MB recommended); 10 MB of available hard-disk space; 8x or faster CD-ROM drive; VGA monitor supporting thousand of colors (16-bit); Internet Explorer 6.0 or Netscape 7; Macromedia flash player 6.0; Abode Acrobat Reader 5.0 or Macintosh.
650 0 _aNervous system
_xSurgery.
_98760
650 1 2 _aNeurosurgical Procedures.
_98761
650 2 2 _aNervous System Diseases
_xsurgery.
_98762
653 _aნევროლოგია
653 _aმედიცინა
653 _aნეიროქირურგია
700 1 _aWinn, H. Richard.
_eრედაქტორი
_98764
700 1 _aYoumans, Julian R.,
_d1928-
_eრედაქტორი
_98765
906 _a7
_bcbc
_corignew
_d1
_eocip
_f20
_gy-gencatlg
942 _2udc
_cBK
955 _apc17 2002-01-24 to NLM jc00 2002-01-31 to jc15
_aaa05 2002-02-05
_adj25 2003-12-03 v. 1-4 rec'd, to CIP ver.;